Представление документа в формате RUSMARC

Поле Инд. ПП Название Значение
Тип записи a
Библиографический уровень a
001 Контрольный номер 6b63e33e5f694a28a51a74a74f161dd8
005 Дата корректировки 20190127081243.5
100 a Данные общей обработки 20181220 ||| 0rusy0189 ca
101 0_ a Язык текста rus
102 a Страна публикации RU
200 1_ f Первые сведения об ответственности О.В. Брежнев
a Заглавие Проблемы правового регулирования обеспечения доступа к информации о деятельности конституционных (уставных) судов субъектов Российской Федерации
b Общее обозначение материала Текст
210 1_ d Дата издания 2018
461 _0 1 2000
a Административное право и процесс
463 _0 1 2000
a № 11
v С. 14-17
1 2101
d 2018
1 001a70ec19139f5498fbf7dad71daaeadca
606 a Основная рубрика Конституционный Суд
610 0_ a Ключевые слова КОНСТИТУЦИОННОЕ ПРАВОСУДИЕ
a Ключевые слова СУБЪЕКТЫ РФ
a Ключевые слова ИНФОРМАЦИЯ
a Ключевые слова ПРАВОВОЕ РЕГУЛИРОВАНИЕ
700 _1 a Фамилия Брежнев
b Имя О.В.
801 _0 a Страна RU
b Организация РГУП
c Дата составления 20181220
g Правила каталогизации PSBO
801 _1 a Страна RU
b Организация РГУП
c Дата составления 20181220
g Правила каталогизации PSBO
901 t Тип документа b
w Контрольный № источника a70ec19139f5498fbf7dad71daaeadca
905 a Дата ввода 20181220